00425nam a2200181Ia 4500008004100000020001800041050001400059100002000073245002800093245002300121260001500144260001600159260000900175300001400184300002700198300001000225500000800235170918s9999 xx 000 0 und d a9780439081856 bV126 1995 aVagin, Vladimir 4aThe nutcracker ballet / cby Vladimir Vagin. aNew York : bScholastic, c1995 aunpaged : bcolored illustration ; c30cm. a490